MARC

LEADER 00000naa0a2200000 4500
001 639843
005 20250601143438.0
035 |a (RuTPU)RU\TPU\network\4355 
035 |a RU\TPU\network\4353 
090 |a 639843 
100 |a 20150326d2012 k y0rusy50 ca 
101 0 |a rus 
102 |a RU 
135 |a drcn ---uucaa 
181 0 |a i  
182 0 |a b 
200 1 |a Лазер на парах бромида меди с частотой следования импульсов 700 кГц  |f В. О. Нехорошев [и др.] 
203 |a Текст  |c электронный 
300 |a Заглавие с экрана 
320 |a [Библиогр.: с. 59 (2 назв.)] 
463 |t Лазеры на парах металлов (ЛПМ - 2012)  |o сборник трудов симпозиума, посвященного памяти Г. Г. Петраша, Лоо, 24-28 сентября, 2012 г.  |f Южный федеральный университет (ЮФУ)  |v [С. 59]  |d 2012 
610 1 |a электронный ресурс 
610 1 |a труды учёных ТПУ 
610 1 |a лазеры на парах металлов 
610 1 |a пары бромида меди 
701 1 |a Нехорошев  |b В. О. 
701 1 |a Евтушенко  |b Г. С.  |c российский специалист в области электрофизики  |c профессор Томского политехнического университета, доктор технических наук  |f 1947-  |g Геннадий Сергеевич  |3 (RuTPU)RU\TPU\pers\21960  |9 9279 
701 1 |a Торгаев  |b С. Н.  |c специалист в области электроники  |c доцент Томского политехнического университета, кандидат физико-математических наук  |c младший научный сотрудник Института оптики атмосферы СО РАН  |f 1984-  |g Станислав Николаевич  |3 (RuTPU)RU\TPU\pers\25908  |9 11759 
701 1 |a Федоров  |b В. Ф. 
712 0 2 |a Национальный исследовательский Томский политехнический университет (ТПУ)  |b Институт неразрушающего контроля (ИНК)  |b Кафедра промышленной и медицинской электроники (ПМЭ)  |3 (RuTPU)RU\TPU\col\18719 
801 2 |a RU  |b 63413507  |c 20150326  |g RCR 
850 |a 63413507 
856 4 |u http://www.issp.ac.ru/ebooks/conf/LPM_2012.pdf#page=59 
942 |c CF